Statistics for Rolling Stone's Top 500 Best Songs of All Time - 2021

Click here to take the quiz!

General Stats

  • This quiz has been taken 551 times
  • The average score is 78 of 500

Answer Stats

HintAnswer% Correct
Aretha FranklinRespect
83%
NirvanaSmells Like Teen Spirit
81%
QueenBohemian Rhapsody
73%
The BeatlesHey Jude
69%
John LennonImagine
67%
Prince and the RevolutionPurple Rain
67%
OutkastHey Ya!
64%
Michael JacksonBillie Jean
61%
Gnarls Barkley | Patsy ClineCrazy
55%
Led ZeppelinStairway to Heaven
54%
The BeatlesLet It Be
52%
U2One
51%
Eminem feat. DidoStan
51%
The BeatlesYesterday
50%
RadioheadCreep
48%
LordeRoyals
48%
Van HalenJump
47%
R.E.M.Losing My Religion
47%
Bob DylanLike a Rolling Stone
46%
Whitney HoustonI Will Always Love You
45%
Fleetwood MacDreams
44%
Stevie WonderSuperstition
44%
Louis ArmstrongWhat a Wonderful World
44%
The EaglesHotel California
43%
Marvin GayeWhat's Going On
42%
Simon and GarfunkelBridge Over Troubled Water
41%
The White StripesSeven Nation Army
41%
OasisWonderwall
41%
Bruce SpringsteenBorn to Run
40%
Leonard CohenHallelujah
40%
Elvis PresleyJailhouse Rock
40%
Dolly PartonJolene
40%
The Bee GeesStayin' Alive
40%
Guns N' RosesSweet Child O' Mine
40%
JourneyDon't Stop Believin'
39%
The Beach BoysGood Vibrations
39%
Bob Marley and the WailersNo Woman No Cry
39%
The Jimi Hendrix ExperienceAll Along the Watchtower
38%
The BeatlesHelp!
38%
The Rolling StonesPaint It, Black
38%
Johnny CashRing of Fire
38%
Elton JohnRocket Man
38%
Michael JacksonBeat It
37%
ABBADancing Queen
37%
MadonnaLike a Prayer
37%
AdeleRolling in the Deep
37%
Earth, Wind, and FireSeptember
37%
Britney SpearsToxic
37%
TotoAfrica
36%
Beyonce feat. Jay-ZCrazy in Love
36%
BlondieHeart of Glass
36%
Big Mama ThorntonHound Dog
36%
Chuck BerryJohnny B. Goode
35%
Kate BushRunning Up That Hill
35%
Queen and David BowieUnder Pressure
35%
Billie EilishBad Guy
34%
The Mamas and the PapasCalifornia Dreamin'
34%
The Jimi Hendrix ExperiencePurple Haze
34%
Carly Rae JepsonCall Me Maybe
33%
Tracy ChapmanFast Car
33%
The ClashLondon Calling
33%
Sinead O'ConnorNothing Compares 2 U
33%
Black SabbathParanoid
33%
David BowieSpace Oddity
33%
Guns N' RosesWelcome to the Jungle
33%
Prince and the RevolutionWhen Doves Cry
33%
CherBelieve
31%
Tom PettyFree Fallin'
31%
David BowieHeroes
31%
Gloria GaynorI Will Survive
31%
Marvin GayeLet's Get It On
31%
EurythmicsSweet Dreams (Are Made of This)
31%
Amy WinehouseBack to Black
30%
MetallicaEnter Sandman
30%
Derek and the DominosLayla
30%
Ben E. KingStand by Me
30%
The Rolling StonesSympathy for the Devil
30%
Elton JohnTiny Dancer
30%
AerosmithDream On
29%
The BeatlesEleanor Rigby
29%
The PoliceEvery Breath You Take
29%
EminemLose Yourself
29%
OutkastMs. Jackson
29%
Mark Ronson feat. Bruno MarsUptown Funk
29%
MadonnaVogue
29%
TLCWaterfalls
29%
Public EnemyFight the Power
28%
Lynyrd SkynyrdFree Bird
28%
Fleetwood MacGo Your Own Way
28%
Otis Redding(Sittin' On) the Dock of the Bay
28%
Red Hot Chili PeppersUnder the Bridge
28%
The KinksYou Really Got Me
28%
The Sex PistolsAnarchy in the U.K.
27%
Tears for FearsEverybody Wants to Rule the World
27%
Creedence Clearwater RevivalFortunate Son
27%
The Rolling StonesGimme Shelter
27%
The Beach BoysGod Only Knows
27%
Black SabbathIron Man
27%
Bon JoviLivin' on a Prayer
27%
Lil Nas XOld Town Road
27%
M.I.A.Paper Planes
27%
The AnimalsThe House of the Rising Sun
27%
Little RichardTutti Frutti
27%
U2With or Without You
27%
Prince1999
26%
Jerry Lee LewisGreat Balls of Fire
26%
The Rolling Stones(I Can't Get No) Satisfaction
26%
The BeatlesI Want to Hold Your Hand
26%
The DoorsLight My Fire
26%
Phil CollinsIn the Air Tonight
25%
Joy DivisionLove Will Tear Us Apart
25%
The WhoMy Generation
25%
Creedence Clearwater RevivalProud Mary
25%
Pink FloydWish You Were Here
25%
Sam CookeA Change Is Gonna Come
24%
The RamonesBlitzkrieg Bop
24%
Bob DylanBlowin' in the Wind
24%
NirvanaCome as You Are
24%
Blue Oyster Cult(Don't Fear) The Reaper
24%
Daft Punk feat. Pharrell WilliamsGet Lucky
24%
PrinceKiss
24%
The KinksLola
24%
The TemptationsMy Girl
24%
BeyonceSingle Ladies (Put a Ring On It)
24%
Dusty SpringfieldSon of a Preacher Man
24%
The BeatlesStrawberry Fields Forever
24%
Rihanna feat. Jay-ZUmbrella
24%
The BeatlesA Day in the Life
23%
The Jackson 5I Want You Back
23%
The BeatlesPenny Lane
23%
WeezerBuddy Holly
22%
The Sex PistolsGod Save the Queen
22%
Backstreet BoysI Want It That Way
22%
PrinceLittle Red Corvette
22%
BeckLoser
22%
BostonMore Than a Feeling
22%
The KillersMr. Brightside
22%
The BeatlesSomething
22%
Elton JohnYour Song
22%
Lady GagaBad Romance
21%
Pink FloydComfortably Numb
21%
50 CentIn Da Club
21%
Rage Against the MachineKilling in the Name
21%
MetallicaMaster of Puppets
21%
Bob Dylan | The ByrdsMr. Tambourine Man
21%
Alice CooperSchool's Out
21%
Marvin GayeSexual Healing
21%
Green DayBasket Case
20%
The RonettesBe My Baby
20%
SoundgardenBlack Hole Sun
20%
David BowieChanges
20%
Ray CharlesGeorgia on My Mind
20%
Led ZeppelinKashmir
20%
David BowieLife on Mars?
20%
Billie HolidayStrange Fruit
20%
Elvis PresleySuspicious Minds
20%
Lou ReedWalk on the Wild Side
20%
Led ZeppelinWhole Lotta Love
20%
Carly SimonYou're So Vain
20%
Etta JamesAt Last
19%
Britney Spears...Baby One More Time
19%
Taylor SwiftBlank Space
19%
Fleetwood MacLandslide
19%
The BeatlesShe Loves You
19%
The Isley BrothersShout (Parts 1 and 2)
19%
Grandmaster Flash and the Furious FiveThe Message
19%
The BandThe Weight
19%
Tina TurnerWhat's Love Got to Do With It
19%
Jefferson AirplaneWhite Rabbit
19%
Foo FightersEverlong
18%
Elvis PresleyHeartbreak Hotel
18%
Neil YoungHeart of Gold
18%
Duran DuranHungry Like the Wolf
18%
Whitney HoustonI Wanna Dance With Somebody (Who Loves Me)
18%
Rod StewartMaggie May
18%
The B-52'sRock Lobster
18%
Usher feat. Lil Jon and LudacrisYeah!
18%
MotorheadAce of Spades
17%
Procol HarumA Whiter Shade of Pale
17%
BTSDynamite
17%
Marvin GayeI Heard It Through the Grapevine
17%
Talking HeadsOnce in a Lifetime
17%
Thin LizzyThe Boys Are Back in Town
17%
The KinksWaterloo Sunset
17%
Jay-Z99 Problems
16%
Fats DominoBlueberry Hill
16%
New OrderBlue Monday
16%
PulpCommon People
16%
RobynDancing on My Own
16%
Stevie NicksEdge of Seventeen
16%
The MonkeesI'm a Believer
16%
RadioheadKarma Police
16%
Buddy HollyPeggy Sue
16%
Kanye WestStronger
16%
Rick JamesSuper Freak
16%
Don HenleyThe Boys of Summer
16%
Bruce SpringsteenThunder Road
16%
Cyndi LauperTime After Time
16%
2PacCalifornia Love
15%
The BeatlesIn My Life
15%
U2I Still Haven't Found What I'm Looking For
15%
Johnny CashI Walk the Line
15%
The Rolling StonesJumpin' Jack Flash
15%
TLCNo Scrubs
15%
Bob Marley and the WailersRedemption Song
15%
The Righteous BrothersUnchained Melody
15%
Pet Shop BoysWest End Girls
15%
The Rolling StonesWild Horses
15%
Alanis MorissetteYou Oughta Know
15%
Bill WithersAin't No Sunshine
14%
The WhoBaba O' Riley
14%
Sly and the Family StoneFamily Affair
14%
James TaylorFire and Rain
14%
Jeff BuckleyGrace
14%
Al GreenLet's Stay Together
14%
Joni MitchellRiver
14%
Kanye West feat. Pusha TRunaway
14%
Harry StylesSign of the Times
14%
Missy ElliotWork It
14%
Pearl JamAlive
13%
Tom Petty and the HeartbreakersAmerican Girl
13%
Nine Inch NailsCloser
13%
Wu-Tang ClanC.R.E.A.M.
13%
Martha and the VandellasDancing in the Street
13%
Daddy YankeeGasolina
13%
Missy ElliotGet Ur Freak On
13%
Deee-LiteGroove Is in the Heart
13%
DrakeHotline Bling
13%
Notorious B.I.G.Juicy
13%
Bill WithersLean on Me
13%
Beastie BoysSabotage
13%
Kelly ClarksonSince U Been Gone
13%
N.W.A.Straight Outta Compton
13%
Dionne WarwickWalk on By
13%
The WhoWon't Get Fooled Again
13%
The SupremesBaby Love
12%
Patti SmithBecause the Night
12%
ColdplayFix You
12%
The StrokesLast Nite
12%
The KingsmenLouie Louie
12%
Iggy PopLust for Life
12%
Yeah Yeah YeahsMaps
12%
Gladys Knight and the PipsMidnight Train to Georgia
12%
Sugar Hill GangRapper's Delight
12%
Simon and GarfunkelThe Sounds of Silence
12%
Isaac HayesWalk on By
12%
Mott the HoopleAll the Young Dudes
11%
Taylor SwiftAll Too Well
11%
Fiona AppleCriminal
11%
Lauryn HillDoo Wop (That Thing)
11%
Depeche ModeEnjoy the Silence
11%
N.W.A.Fuck tha Police
11%
James BrownGet Up (I Feel Like Being A) Sex Machine
11%
Patti Smith | ThemGloria
11%
Little RichardGood Golly, Miss Molly
11%
Booker T. and the MGsGreen Onions
11%
James BrownPapa's Got a Brand New Bag
11%
Destiny's ChildSay My Name
11%
Lana Del ReySummertime Sadness
11%
Ariana GrandeThank U, Next
11%
Buddy HollyThat'll Be the Day
11%
Smokey Robinson and the MiraclesThe Tears of a Clown
11%
LizzoTruth Hurts
11%
The PixiesWhere Is My Mind?
11%
The Beach BoysWouldn't It Be Nice
11%
AC/DCYou Shook Me All Night Long
11%
Elton JohnBennie and the Jets
10%
OutkastB.O.B.
10%
The PretendersBrass in Pocket
10%
Roy OrbisonCrying
10%
Donna SummerI Feel Love
10%
Ice CubeIt Was a Good Day
10%
The CureJust Like Heaven
10%
Fugees | Roberta FlackKilling Me Softly With His Song
10%
Bill WithersLovely Day
10%
Blackstreet feat. Dr. Dre and Queen PenNo Diggity
10%
Tammy WynetteStand by Your Man
10%
The SupremesStop! In the Name of Love
10%
Bob DylanTangled Up in Blue
10%
Kendrick LamarAlright
9%
The Notorious B.I.G.Big Poppa
9%
Joni MitchellBoth Sides Now
9%
Loretta LynnCoal Miner's Daughter
9%
Cat Stevens/YusufFather and Son
9%
The Jimi Hendrix ExperienceLittle Wing
9%
Childish GambinoRedbone
9%
Ike and Tina TurnerRiver Deep, Mountain High
9%
Smokey Robinson and the MiraclesThe Tracks of My Tears
9%
Ray CharlesWhat'd I Say
9%
Glen CampbellWichita Lineman
9%
Bo DiddleyBo Diddley
8%
The BreedersCannonball
8%
ChicGood Times
8%
Dr. Dre feat. Snoop DoggNuthin' but a G Thang
8%
KissRock and Roll All Nite
8%
Eddie CochranSummertime Blues
8%
Nicki MinajSuper Bass
8%
New OrderBizarre Love Triangle
7%
Sly and the Family StoneEveryday People
7%
Mazzy StarFade Into You
7%
Mariah CareyFantasy
7%
Joni MitchellHelp Me
7%
Stevie WonderHigher Ground
7%
Cardi B, J Balvin, and Bad BunnyI Like It
7%
Screamin' Jay HawkinsI Put a Spell on You
7%
Aretha FranklinI Say a Little Prayer
7%
Chuck BerryMaybelline
7%
INXSNever Tear Us Apart
7%
R.E.M.Nightswimming
7%
Nick DrakePink Moon
7%
R.E.M.Radio Free Europe
7%
Janet JacksonRhythm Nation
7%
Megan Thee Stallion feat. BeyonceSavage (Remix)
7%
Cheap TrickSurrender
7%
Leonard CohenSuzanne
7%
The SmithsThere Is a Light That Never Goes Out
7%
Woody GuthrieThis Land Is Your Land
7%
The ZombiesTime of the Season
7%
Harry NilssonWithout You
7%
Aretha Franklin(You Make Me Feel Like) A Natural Woman
7%
Joan JettBad Reputation
6%
Aretha FranklinChain of Fools
6%
BeyonceFormation
6%
Bob Marley and the WailersGet Up, Stand Up
6%
The SmithsHow Soon Is Now?
6%
Diana RossI'm Coming Out
6%
Rob Base and DJ E-Z RockIt Takes Two
6%
The StoogesI Wanna Be Your Dog
6%
TelevisionMarquee Moon
6%
Bob SegerNight Moves
6%
The Go-GosOur Lips Are Sealed
6%
The CurePictures of You
6%
Michael JacksonRock With You
6%
Peter GabrielSolsbury Hill
6%
Crosby, Stills, and NashSuite: Judy Blue Eyes
6%
The Velvet UndergroundSweet Jane
6%
The Rolling StonesTumbling Dice
6%
Migos feat. Lil Uzi VertBad and Boujee
5%
Neneh CherryBuffalo Stance
5%
Dolly PartonCoat of Many Colors
5%
George MichaelFreedom! 90
5%
Carole KingIt's Too Late
5%
Biz MarkieJust a Friend
5%
Curtis MayfieldMove On Up
5%
SantanaOye Como Va
5%
Billy JoelScenes From an Italian Restaurant
5%
The RamonesSheena Is a Punk Rocker
5%
Drake feat. RihannaTake Care
5%
Sonic YouthTeenage Riot
5%
David BowieYoung Americans
5%
Azealia Banks212
4%
Rufus and Chaka KhanAin't Nobody
4%
Elvis CostelloAlison
4%
LCD SoundsystemAll My Friends
4%
Bob Marley and the WailersCould You Be Loved
4%
Thelma HoustonDon't Leave Me This Way
4%
BlondieDreaming
4%
The ByrdsEight Miles High
4%
BuzzcocksEver Fallen in Love (With Someone You Shouldn't've)
4%
ParliamentFlash Light
4%
Martha and the VandellasHeat Wave
4%
Drake feat. Majid JordanHold On, We're Going Home
4%
RadioheadIdioteque
4%
MadonnaInto the Groove
4%
Bruce SpringsteenJungleland
4%
The CarsJust What I Needed
4%
The Shangri-LasLeader of the Pack
4%
Muddy WatersMannish Boy
4%
Bobbie GentryOde to Billie Joe
4%
Eric B. and RakimPaid in Full
4%
The Four TopsReach Out (I'll Be There)
4%
Miles DavisSo What
4%
Bob DylanSubterranean Homesick Blues
4%
Fall Out BoySugar, We're Goin Down
4%
Digital UndergroundThe Humpty Dance
4%
Otis ReddingTry a Little Tenderness
4%
Allman Brothers BandWhipping Post
4%
Stevie WonderYou Are the Sunshine of My Life
4%
Joni MitchellA Case of You
3%
PrinceAdore
3%
Neil YoungAfter the Gold Rush
3%
The Everly BrothersAll I Have to Do Is Dream
3%
John Lee HookerBoom Boom
3%
A Tribe Called QuestCan I Kick It?
3%
Bob DylanDesolation Row
3%
HoleDoll Parts
3%
Dixie ChicksGoodbye Earl
3%
George JonesHe Stopped Loving Her Today
3%
The Four TopsI Can't Help Myself (Sugar Pie, Honey Bunch)
3%
Bonnie RaittI Can't Make You Love Me
3%
Ann PeeblesI Can't Stand the Rain
3%
The Staple SingersI'll Take You There
3%
The Five SatinsIn the Still of the Night
3%
RushLimelight
3%
Al GreenLove and Happiness
3%
Nina SimoneMississippi Goddam
3%
The TemptationsPapa Was a Rollin' Stone
3%
DMXParty Up (Up in Here)
3%
The ImpressionsPeople Get Ready
3%
The MarvelettesPlease Mr. Postman
3%
The Modern LoversRoadrunner
3%
Randy NewmanSail Away
3%
James BrownSay It Loud (I'm Black and I'm Proud)
3%
Hall and OatesShe's Gone
3%
Eric ChurchSpringsteen
3%
Gil-Scott HeronThe Revolution Will Not Be Televised
3%
Talking HeadsThis Must Be the Place (Naive Melody)
3%
The DriftersUp on the Roof
3%
The Doobie BrothersWhat a Fool Believes
3%
The ShirellesWill You Love Me Tomorrow
3%
SylvesterYou Make Me Feel (Mighty Real)
3%
Hank WilliamsYour Cheatin' Heart
3%
John PrineAngel From Montgomery
2%
Bruce SpringsteenAtlantic City
2%
Willie NelsonBlue Eyes Crying in the Rain
2%
Public EnemyBring the Noise
2%
Robert JohnsonCross Road Blues
2%
The CrystalsDa Doo Ron Ron
2%
Steely DanDeacon Blues
2%
Alicia KeysIf I Ain't Got You
2%
Hank WilliamsI'm So Lonesome I Could Cry
2%
Wilson PickettIn the Midnight Hour
2%
Van MorrisonInto the Mystic
2%
The FlamingosI Only Have Eyes for You
2%
Merle HaggardMama Tried
2%
FunkadelicOne Nation Under a Groove
2%
Townes Van ZandtPancho and Lefty
2%
Fiona ApplePaper Bag
2%
Afrika Bambaataa and the Soulsonic ForcePlanet Rock
2%
Toots and the MaytalsPressure Drop
2%
Stevie WonderSigned, Sealed, Delivered I'm Yours
2%
Howlin' WolfSpoonful
2%
David BowieStation to Station
2%
Jimmy CliffThe Harder They Come
2%
Miranda LambertThe House That Built Me
2%
KraftwerkTrans-Europe Express
2%
Roxy MusicVirginia Plain
2%
Bob DylanVisions of Johanna
2%
Paul SimonAmerican Tune
1%
Lil WayneA Milli
1%
SelenaAmor Prohibido
1%
AaliyahAre You That Somebody?
1%
Juvenile feat. Lil Wayne and Mannie FreshBack That Azz Up
1%
Sister NancyBam Bam
1%
The Grateful DeadBox of Rain
1%
The MetersCissy Strut
1%
T. RexCosmic Dancer
1%
SolangeCranes in the Sky
1%
Liz PhairDivorce Song
1%
Craig Mack feat. Notorious B.I.G., LL Cool J, Busta Rhymes, RampageFlava in Ya Ear (Remix)
1%
ClipseGrindin'
1%
WilcoHeavy Metal Drummer
1%
The WeekndHouse of Balloons
1%
The Velvet UndergroundI'm Waiting for the Man
1%
UGK feat. OutkastInt'l Players Anthem (I Choose You)
1%
The ReplacementsLeft of the Dial
1%
Kacey MusgravesMerry Go 'Round
1%
Geto BoysMind Playing Tricks on Me
1%
Luther VandrossNever Too Much
1%
SadeNo Ordinary Love
1%
X-Ray SpexOh Bondage! Up Yours!
1%
FacesOoh La La
1%
Lucinda WilliamsPassionate Kisses
1%
New York DollsPersonality Crisis
1%
Rilo KileyPortion for Foxes
1%
Neil YoungPowderfinger
1%
Curtis MayfieldPusherman
1%
Fountains of WayneRadiation Vibe
1%
Mary J. BligeReal Love
1%
Bikini KillRebel Girl
1%
PJ HarveyRid of Me
1%
The Grateful DeadRipple
1%
Bruce SpringsteenRosalita (Come Out Tonight)
1%
Bad BunnySafaera
1%
Big StarSeptember Gurls
1%
Missy ElliotThe Rain (Supa Dupa Fly)
1%
Frank OceanThinkin Bout You
1%
D'AngeloUntitled (How Does It Feel)
1%
The Clash(White Man) in Hammersmith Palais
1%
The SupremesYou Keep Me Hangin' On
1%
William DeVaughnBe Thankful for What You Got
0%
Augustus PabloKing Tubby Meets the Rockers Uptown
0%
Steel PulseKu Klux Klan
0%
Celia CruzLa Vida Es un Carnaval
0%
Marshall JeffersonMove Your Body (The House Music Anthem)
0%
Jorge BenPonta de Lanca Africano (Umbabarauma)
0%
Chuck BerryPromised Land
0%
John ColtranePt. 1-Acknowledgement
0%
Mobb DeepShook Ones, Pt. II
0%
Run-DMCSucker MC's
0%
PavementSummer Babe (Winter Version)
0%
Kris KristoffersonSunday Mornin' Comin' Down
0%
The Funky 4 + 1That's the Joint
0%
Pete Rock and CL SmoothThey Reminisce Over You
0%
The SlitsTypical Girls
0%
Erykah BaduTyrone
0%

Score Distribution

Percentile by Number Answered

Percent of People with Each Score

Your Score History

You have not taken this quiz